21 ausgewälte Etuden für Violoncell

Hlavní autor: Kummer, Friedrich August, 1797-1879
Další autoři: Michael, Paul, 1867-
Jazyk: Nelze použít, není lingvistický obsah
Vydáno: Braunschweig : Litolff, 1910
Edice: Collection Litolff
Fyzický popis: 43 s.
Hudebniny Hudebniny
Uloženo v:
LEADER 00865ncm a22002412a 4500
001 001236412
003 CZ BrMZK
005 20121123100824.0
007 qu
008 120803s1910 gw |||||||||||||||||zxx d
040 |a BOA001  |b cze 
072 7 |a 787  |x Hudba pro strunné a smyčcové nástroje  |2 Konspekt  |9 9 
100 1 |a Kummer, Friedrich August,  |d 1797-1879  |7 ola2004235624  |4 cmp 
245 1 0 |a 21 ausgewälte Etuden für Violoncell  |h [hudebnina] /  |c Friedrich August Kummer ; Neuausg. von Paul Michael 
260 |a Braunschweig :  |b Litolff,  |c 1910 
300 |a 43 s. 
490 1 |a Collection Litolff ;  |v Nr. 2446 
700 1 |a Michael, Paul,  |d 1867-  |7 mzk2012734585  |4 edt 
830 0 |a Collection Litolff 
910 |a BOA001  |b Mus4-0578.867 
990 |a MU 
991 |b 201208 
996 6 |b 2619099967  |c Mus4-0578.867  |l MZK  |r Sklad / do 1 hodiny  |n 0  |w 001270395  |u 000010  |a 1  |e BOA001  |j MZK50  |s P